01007nam a2200217 a 4500008004100000020002200041245018700063260011400250300002100364504004100385546005600426650004500482650004600527700001700573700001700590710007000607710008500677003000100762005001700763040000900780  a9290663081 (pbk.)00aGroundnut bacterial wilt in Asia : bproceedings of the third working group meeting, 4-5 Jul 1994, Oil Crops Research Institute, Wuhan, China /cedited by V.K. Mehan and D. McDonald. aPatancheru, Andhra Pradesh, India :bInternational Crops Research Institute for the Semi-Arid Tropics,c1994. a153 p. ;c24 cm. aIncludes bibliographical references. aAbstracts in English, Chinese, French, and Spanish. 0aPeanutsxDiseases and pestsvCongresses. 0aBacterial diseases of plantsvCongresses.1 aMehan, V. K.1 aMcDonald, D.2 aInternational Crops Research Institute for the Semi-arid Tropics.2 aGroundnut Bacterial Wilt Working Group.bMeetingn(3rd :d1994 :cWuhan, China).20230123133708.0 cNUST